00631nam a22001577a 4500003000900000005001700009008003100026020001800057040002500075100004100100245011600141260004200257300002100299500012000320504003300440DO-SdBNP20240315194915.0210831b 2017 dr 00| 0 eng d a9789945468724 aDO-SdBNPbspacBNPHU1 aMontás, Juan Temístocles d1950-1 aCrisis, políticas y reformas :blecciones aprendidas en República Dominicana /cJuan Temístocles Montás aSanto Domingo :bAlfa y Omega,c2017. a397 p. ;c23 cm. aIncluye datos biográficos del autor en las solapas y referencias bibliográficas y notas al pie de las páginas aBibliográfias : p. 395-397